Tupac Shakur Filmography - Statistics

General Stats
  • This quiz has been taken 42 times
    9 since last reset
  • The average score is 7 of 28
Answer Stats
Type Year Name % Correct
Film 1992 Juice
100%
Film 1994 Above the Rim
75%
Film 1997 Gang Related
75%
Film 1993 Poetic Justice
63%
Film 1997 Gridlock'd
50%
TV Show 1996 Saturday Night Live
50%
Documentary 2003 Tupac: The Resurrection
50%
TV Show 1993 A Different World
38%
Film 1996 Bullet
38%
Documentary 2002 Biggie & Tupac
25%
Documentary Series 2023 Dear Mama
25%
TV Show 1992, 1993 In Living Color
25%
Film 1991 Nothing But Trouble
25%
Documentary 2002 Tupac Shakur: Thug Angel
25%
Short Film 1995 Murder Was the Case: The Movie
13%
Documentary 2004 Tupac Vs.
13%
Documentary Mini-Series 2017 Who Killed Tupac?
13%
Documentary 2003 2Pac 4 Ever
0%
TV Show 1992 Drexell's Class
0%
Documentary 2015 Murder Rap: Inside the Biggie and Tupac Murders
0%
TV Show 1996 Saturday Night Special
0%
Documentary 2021 The Life & Death of Tupac Shakur
0%
TV Show 1996 Top of the Pops
0%
Documentary 2009 Tupac: Reckoning
0%
Documentary 2001 Tupac Shakur: Before I Wake...
0%
Documentary 2011 Tupac Shakur: Thug Angel 2
0%
Documentary 1997 Tupac Shakur: Words Never Die
0%
TV Show 1993 Video Music Box
0%
No matching quizzes found
Score Distribution
Percent of People with Each Score
Percentile by Number Answered
Your Score History
You have not taken this quiz since the last reset